|
|
|
|
| LEADER |
02270nam a22003853i 4500 |
| 001 |
EBC30788457 |
| 003 |
MiAaPQ |
| 005 |
20240729202206.0 |
| 006 |
m o d | |
| 007 |
cr cnu|||||||| |
| 008 |
240729s2023 xx o ||||0 swe d |
| 020 |
|
|
|a 9789180752466
|q (electronic bk.)
|
| 020 |
|
|
|z 9789180752459
|
| 035 |
|
|
|a (MiAaPQ)EBC30788457
|
| 035 |
|
|
|a (Au-PeEL)EBL30788457
|
| 035 |
|
|
|a (OCoLC)1407315738
|
| 040 |
|
|
|a MiAaPQ
|b eng
|e rda
|e pn
|c MiAaPQ
|d MiAaPQ
|
| 100 |
1 |
|
|a Bladh, Daniel.
|
| 245 |
1 |
0 |
|a Didaktiska Val I Partidemokratin :
|b Om Partiskolning Och lärande I Politiken.
|
| 250 |
|
|
|a 1st ed.
|
| 264 |
|
1 |
|a Linköping :
|b Linkopings Universitet,
|c 2023.
|
| 264 |
|
4 |
|c {copy}2023.
|
| 300 |
|
|
|a 1 online resource (175 pages)
|
| 336 |
|
|
|a text
|b txt
|2 rdacontent
|
| 337 |
|
|
|a computer
|b c
|2 rdamedia
|
| 338 |
|
|
|a online resource
|b cr
|2 rdacarrier
|
| 490 |
1 |
|
|a Linköping Studies in Behavioural Science Series ;
|v v.252
|
| 505 |
0 |
|
|a Intro -- Sammanfattning -- Abstract -- Förord -- Förteckning över originalartiklar -- Innehållsförteckning -- Introduktion -- Syfte och frågeställningar -- Avhandlingens disposition -- Bakgrund -- Forskningsöversikt -- Teoretiska perspektiv -- Metod, material och studiens genomförande -- Översikt av artiklar -- Diskussion -- English summary -- Referenser -- Bilaga 1: Intervjuguide för politiska partier -- Bilaga 2: Intervjuguide för kommuner -- Bilaga 3: Intervjuguide för SKL -- Bilaga 4: Intervjuguide för studieförbund -- Bilaga 5: Översikt av styrdokument från politiska partier -- Bilaga 6: Informationsbrev -- Artiklar.
|
| 588 |
|
|
|a Description based on publisher supplied metadata and other sources.
|
| 590 |
|
|
|a Electronic reproduction. Ann Arbor, Michigan : ProQuest Ebook Central, 2024. Available via World Wide Web. Access may be limited to ProQuest Ebook Central affiliated libraries.
|
| 655 |
|
4 |
|a Electronic books.
|
| 776 |
0 |
8 |
|i Print version:
|a Bladh, Daniel
|t Didaktiska Val I Partidemokratin
|d Linköping : Linkopings Universitet,c2023
|z 9789180752459
|
| 797 |
2 |
|
|a ProQuest (Firm)
|
| 830 |
|
0 |
|a Linköping Studies in Behavioural Science Series
|
| 856 |
4 |
0 |
|u https://ebookcentral.proquest.com/lib/matrademy/detail.action?docID=30788457
|z Click to View
|